Comportamiento estratégico en el sistema bancario costarricense /

Salvato in:
Dettagli Bibliografici
Autore principale: Rojas, Mariano
Natura: testo
Tags: Aggiungi Tag
Nessun Tag, puoi essere il primo ad aggiungerne!!

MARC

LEADER 00000 a a2200000 04500
001 2996
003
040
100 |a Rojas, Mariano  
245 |a Comportamiento estratégico en el sistema bancario costarricense /  |c Mariano Rojas 
773 |g volumen 17, número 2; páginas 215-252  
999 |c 37887  |d 37887